[Event "Dutch League 2023-24"]
[Site "Netherlands NED"]
[Date "2023.11.04"]
[Round "3.10"]
[White "Bosman, Michiel"]
[Black "Van de Oudeweetering, Arthur"]
[Result "1/2-1/2"]
[WhiteTitle "IM"]
[BlackTitle "IM"]
[WhiteElo "2341"]
[BlackElo "2253"]
[WhiteTeam "LSG IntelliMagic"]
[BlackTeam "AMEVO Apeldoorn"]
[WhiteFideId "1000721"]
[BlackFideId "1000551"]
[EventDate "2023.09.16"]
[EventType "team"]

1. d4 d5 2. c4 c6 3. Nf3 Nf6 4. e3 e6 5. b3 c5 6. cxd5 Nxd5 7. Bb5+ Bd7 8. Bxd7+
Nxd7 9. O-O cxd4 10. Nxd4 Be7 11. e4 N5f6 12. Qe2 O-O 13. Bb2 Rc8 14. Rd1 Qa5
15. Nd2 Rfd8 16. g3 Ne5 17. Kg2 Ba3 18. Bxa3 Qxa3 19. N2f3 Nxf3 20. Nxf3 h6 21.
Rxd8+ Rxd8 22. Qc2 Qb4 23. Re1 Qb6 24. h3 Rd7 25. Rc1 g6 26. Qc4 Kh7 27. b4 a6
28. a4 Ne8 29. Qc8 Rd8 30. Qc5 Qxc5 31. Rxc5 f6 32. e5 Kg7 33. b5 axb5 34. Rxb5
Rd7 35. Rb6 Kf7 36. h4 g5 37. exf6 Kxf6 38. hxg5+ hxg5 39. Rb5 Rg7 40. Rb6 Rd7
41. Rb5 Rg7 42. Rb6 Rd7 1/2-1/2

[Event "Dutch League 2023-24"]
[Site "Netherlands NED"]
[Date "2023.11.04"]
[Round "3.1"]
[White "Kerigan, Demre"]
[Black "Lenaerts, Lennert"]
[Result "1/2-1/2"]
[WhiteTitle "IM"]
[BlackTitle "FM"]
[WhiteElo "2362"]
[BlackElo "2339"]
[WhiteTeam "Paul Keres"]
[BlackTeam "Zuid Limburg"]
[WhiteFideId "6307841"]
[BlackFideId "211435"]
[EventDate "2023.09.16"]
[EventType "team"]

1. e4 e5 2. Nf3 Nc6 3. Bb5 a6 4. Bxc6 dxc6 5. O-O Bd6 6. d4 exd4 7. Qxd4 f6 8.
Be3 Ne7 9. Nbd2 Be6 10. Qc3 Qd7 11. Rad1 O-O-O 12. Nc4 Bxc4 13. Qxc4 Ng6 14. Nd4
Ne5 15. Qe2 Ng4 16. Nf5 Nxe3 17. Qxe3 Kb8 18. Rd3 g6 19. Nxd6 cxd6 20. Rfd1 Qc7
21. Qf4 Rhe8 22. Rxd6 Rxd6 23. Qxd6 1/2-1/2

[Event "Dutch League 2023-24"]
[Site "Netherlands NED"]
[Date "2023.11.04"]
[Round "3.2"]
[White "Suvorov, Alexander"]
[Black "Ten Hertog, Hugo"]
[Result "0-1"]
[WhiteTitle "FM"]
[BlackTitle "GM"]
[WhiteElo "2355"]
[BlackElo "2519"]
[WhiteTeam "Zuid Limburg"]
[BlackTeam "Paul Keres"]
[WhiteFideId "12977063"]
[BlackFideId "1026356"]
[EventDate "2023.09.16"]
[EventType "team"]

1. d4 g6 2. Nf3 Bg7 3. g3 d6 4. Bg2 Nf6 5. c4 a6 6. Nc3 c6 7. e4 Bg4 8. h3 Bxf3
9. Bxf3 Nfd7 10. Be3 c5 11. dxc5 dxc5 12. e5 Nxe5 13. Bxb7 Ra7 14. Qa4+ Qd7 15.
Bd5 e6 16. Be4 f5 17. Qxd7+ Nbxd7 18. Bc2 Nxc4 19. Bc1 Kf7 20. O-O Rb8 21. Bb3
Nxb2 22. Bxb2 c4 23. Bxc4 Rxb2 24. Rac1 Nb6 25. Bb3 Rc7 26. Ne4 Rxc1 27. Ng5+
Ke7 28. Rxc1 Bd4 29. Rf1 e5 30. Nxh7 e4 31. h4 a5 32. Ng5 a4 33. Bg8 Nd7 34. Nh3
Nf6 35. Bc4 Ng4 36. Bg8 e3 37. fxe3 Bxe3+ 0-1

[Event "Dutch League 2023-24"]
[Site "Netherlands NED"]
[Date "2023.11.04"]
[Round "3.3"]
[White "Lombaers, Peter"]
[Black "Baltic, Fatih"]
[Result "1-0"]
[WhiteTitle "FM"]
[BlackTitle "FM"]
[WhiteElo "2359"]
[BlackElo "2271"]
[WhiteTeam "Paul Keres"]
[BlackTeam "Zuid Limburg"]
[WhiteFideId "1032852"]
[BlackFideId "12979090"]
[EventDate "2023.09.16"]
[EventType "team"]

1. d4 a6 2. e4 c6 3. Nf3 d5 4. Nc3 Bg4 5. Be3 e6 6. a3 Nd7 7. Bd3 dxe4 8. Nxe4
Ngf6 9. Ng3 Qc7 10. h3 Bxf3 11. Qxf3 Bd6 12. O-O c5 13. Ne4 cxd4 14. Bxd4 Be7
15. Rfd1 O-O 16. c4 Rad8 17. Qe3 Nxe4 18. Qxe4 g6 19. b4 Bf6 20. Bxf6 Nxf6 21.
Qe3 Rd7 22. Be2 Rfd8 23. Rxd7 Rxd7 24. Rc1 e5 25. c5 Rd4 26. c6 bxc6 27. Bxa6
Nd5 28. Qh6 Nf4 29. g3 Qb6 30. Bf1 Nd5 31. Rc5 Rd1 32. Kg2 Qd8 33. Bc4 Qd7 34.
Qg5 f5 35. Qf6 f4 36. Rxc6 f3+ 37. Kxf3 Qxh3 38. Qe6+ Qxe6 39. Rxe6 Rd4 40. Bxd5
Rxd5 41. Ke3 Kf7 42. Rb6 Rd1 43. a4 Re1+ 44. Kd2 Ra1 45. a5 Ra2+ 46. Ke3 Ra3+
47. Ke4 Ra2 48. a6 Rxf2 49. Kxe5 1-0

[Event "Dutch League 2023-24"]
[Site "Netherlands NED"]
[Date "2023.11.04"]
[Round "3.4"]
[White "Hausrath, Daniel"]
[Black "Wemmers, Xander"]
[Result "1-0"]
[WhiteTitle "GM"]
[BlackTitle "IM"]
[WhiteElo "2465"]
[BlackElo "2350"]
[WhiteTeam "Zuid Limburg"]
[BlackTeam "Paul Keres"]
[WhiteFideId "4617495"]
[BlackFideId "1004182"]
[EventDate "2023.09.16"]
[EventType "team"]

1. Nf3 c5 2. c4 Nc6 3. g3 g6 4. Bg2 Bg7 5. Nc3 e5 6. a3 a5 7. d3 Nge7 8. Nd2 d6
9. Nf1 h5 10. h4 O-O 11. Ne3 f5 12. Ned5 f4 13. gxf4 Nf5 14. Be4 Nxh4 15. Rg1
Bg4 16. fxe5 Nd4 17. Nf6+ Bxf6 18. exf6 Bxe2 19. Nxe2 Ndf3+ 20. Bxf3 Nxf3+ 21.
Kf1 Qxf6 22. Rg2 Qh4 23. Ng1 Nh2+ 24. Ke2 Rae8+ 25. Be3 Ng4 26. Kd2 Nxe3 27.
fxe3 Rxe3 28. Ne2 Rfe8 29. Kc2 Kh7 30. Qd2 b5 31. Nc3 bxc4 32. dxc4 Qxc4 33.
Rag1 R8e6 34. Kb1 Rd3 35. Qf2 Rxc3 36. bxc3 Re7 37. Qc2 1-0

[Event "Dutch League 2023-24"]
[Site "Netherlands NED"]
[Date "2023.11.04"]
[Round "3.5"]
[White "Hommerson, Paul"]
[Black "Braun, Christian2"]
[Result "1-0"]
[WhiteTitle "FM"]
[BlackTitle "IM"]
[WhiteElo "2288"]
[BlackElo "2397"]
[WhiteTeam "Paul Keres"]
[BlackTeam "Zuid Limburg"]
[WhiteFideId "1025325"]
[BlackFideId "4692098"]
[EventDate "2023.09.16"]
[EventType "team"]

1. d4 g6 2. c4 Bg7 3. Nc3 d6 4. e4 e5 5. Nf3 Bg4 6. d5 h5 7. Be2 Bxf3 8. Bxf3
Bh6 9. O-O c5 10. dxc6 Nxc6 11. Bxh6 Rxh6 12. Nb5 Ke7 13. Qd2 a6 14. Nc3 Nd4 15.
Bd1 Kf8 16. f4 Kg7 17. Nd5 Rc8 18. Rc1 Ne6 19. Rc3 Nxf4 20. Nxf4 exf4 21. Qxf4
Qe7 22. Bb3 g5 23. Rg3 Rg6 24. Qd2 Rc5 25. Rf5 Nh6 26. Qd4+ Kg8 27. Rd5 Rxd5 28.
Qxd5 Ng4 29. Qf5 Qe5 30. Qxe5 Nxe5 31. Rc3 b6 32. Bd1 g4 33. b4 a5 34. bxa5 bxa5
35. c5 dxc5 36. Rxc5 Nd3 37. Rxa5 Rc6 38. Rd5 Rc3 39. Kf1 Kf8 40. g3 Nc5 41.
Rxh5 Rc1 42. Ke2 Nxe4 43. Bb3 Rh1 44. Rh7 Nxg3+ 45. Kf2 Ne4+ 46. Kg2 Rb1 47.
Rxf7+ Ke8 48. Rc7 Nd2 49. Be6 Rb2 50. Kg3 Nf1+ 51. Kxg4 Rxh2 52. a4 Ne3+ 53. Kf3
Nc2 54. Ke4 Rh4+ 55. Ke5 Nd4 56. Rc4 Nf3+ 57. Kd6 Rxc4 58. Bxc4 Kd8 59. Be6 Nd4
60. Bg4 Nb3 61. Kc6 Na5+ 62. Kb5 Nb3 63. Kb6 Nd2 64. Be6 Ke7 65. a5 Kxe6 66. a6
Nc4+ 67. Kc5 1-0

[Event "Dutch League 2023-24"]
[Site "Netherlands NED"]
[Date "2023.11.04"]
[Round "3.6"]
[White "Van Dael, Siem"]
[Black "Kokje, Joris"]
[Result "1-0"]
[WhiteTitle "FM"]
[BlackTitle "FM"]
[WhiteElo "2308"]
[BlackElo "2288"]
[WhiteTeam "Zuid Limburg"]
[BlackTeam "Paul Keres"]
[WhiteFideId "1049771"]
[BlackFideId "1051024"]
[EventDate "2023.09.16"]
[EventType "team"]

1. e4 c5 2. Nf3 d6 3. d4 cxd4 4. Nxd4 Nf6 5. Nc3 a6 6. f3 e5 7. Nb3 Be6 8. Be3
h5 9. Qd2 Nbd7 10. O-O-O b5 11. Kb1 Be7 12. Bd3 Nb6 13. Qf2 Nc4 14. Bxc4 bxc4
15. Nc5 Qc8 16. Nxe6 Qxe6 17. Bg5 O-O 18. Bxf6 Bxf6 19. Nd5 Rac8 20. Rhg1 Rc5
21. g4 a5 22. c3 Bg5 23. gxh5 Bh6 24. Qh4 a4 25. a3 Kh8 26. Rg2 Rb8 27. Ka1 Rb7
28. Rdg1 Rcb5 29. Qd8+ Kh7 30. Qf8 1-0

[Event "Dutch League 2023-24"]
[Site "Netherlands NED"]
[Date "2023.11.04"]
[Round "3.7"]
[White "Ondersteijn, Niels"]
[Black "Wantola, Ivo"]
[Result "0-1"]
[WhiteTitle "IM"]
[BlackTitle "FM"]
[WhiteElo "2363"]
[BlackElo "2347"]
[WhiteTeam "Paul Keres"]
[BlackTeam "Zuid Limburg"]
[WhiteFideId "1011162"]
[BlackFideId "1016067"]
[EventDate "2023.09.16"]
[EventType "team"]

1. d4 Nf6 2. c4 e5 3. dxe5 Ng4 4. e4 Nxe5 5. f4 Ng6 6. Nc3 Bc5 7. Qh5 Bb4 8. Ne2
O-O 9. a3 Bxc3+ 10. Nxc3 d6 11. f5 Ne5 12. Be2 f6 13. g4 Bd7 14. g5 fxg5 15.
Bxg5 Qe8 16. Qh3 Nbc6 17. O-O-O Na5 18. c5 Nb3+ 19. Kb1 Nxc5 20. Rhg1 Kh8 21.
Bh5 g6 22. Qh4 Nxe4 23. Nxe4 Bxf5 24. Be2 Qa4 25. Bd3 Nxd3 26. Bf6+ Kg8 27. Qh6
Rf7 28. Nc3 Ne1+ 0-1

[Event "Dutch League 2023-24"]
[Site "Netherlands NED"]
[Date "2023.11.04"]
[Round "3.8"]
[White "Gallasch, Jonas"]
[Black "Smeets, Kobe"]
[Result "0-1"]
[WhiteTitle "FM"]
[BlackTitle "FM"]
[WhiteElo "2293"]
[BlackElo "2274"]
[WhiteTeam "Zuid Limburg"]
[BlackTeam "Paul Keres"]
[WhiteFideId "16222474"]
[BlackFideId "1063910"]
[EventDate "2023.09.16"]
[EventType "team"]

1. Nf3 d5 2. c4 c6 3. e3 Nf6 4. d4 Bf5 5. Nc3 e6 6. Nh4 Be4 7. f3 Bg6 8. Qb3 Qc7
9. cxd5 cxd5 10. Bd2 Nc6 11. O-O-O a6 12. Nxg6 hxg6 13. g3 Na5 14. Qc2 Rc8 15.
Kb1 b5 16. Rc1 Qb7 17. Bd3 Nd7 18. Qd1 Nc4 19. e4 b4 20. Na4 Be7 21. Qe2 Nxd2+
22. Qxd2 O-O 23. Rxc8 Rxc8 24. Qe2 Nb8 25. b3 dxe4 26. Bxe4 Qa7 27. Rd1 Bf6 28.
d5 exd5 29. Bxd5 Nd7 30. f4 Nb6 31. Nxb6 Qxb6 32. g4 Kf8 33. g5 Bc3 34. Bc4 Re8
35. Qf3 Kg8 36. f5 a5 37. Qd5 Rf8 38. Rf1 a4 39. fxg6 Qxg6+ 40. Bd3 Qh5 41. bxa4
Qxh2 42. Bc2 g6 43. a5 Qe2 44. Qd3 Qe5 45. Bb3 Qxg5 46. Bd5 Rd8 47. Rd1 Kg7 48.
a6 Qf6 49. Qf3 Qxf3 50. Bxf3 Rxd1+ 51. Bxd1 Bd4 52. Kc2 Kf6 53. Kb3 Ke5 54. Kxb4
f5 55. Kb5 g5 56. Kc6 g4 57. Kb7 Kf4 58. Bb3 g3 59. Bd5 Ke3 60. a7 Bxa7 61. Kxa7
f4 62. a4 f3 63. Bxf3 Kxf3 64. a5 g2 65. a6 g1=Q+ 66. Kb7 Qg7+ 67. Kb8 Qf8+ 68.
Kb7 Qe7+ 69. Kb8 Qe8+ 70. Kb7 Qb5+ 71. Ka7 Ke4 0-1

[Event "Dutch League 2023-24"]
[Site "Netherlands NED"]
[Date "2023.11.04"]
[Round "3.9"]
[White "Schenk, Andre"]
[Black "Suvorov, Luca"]
[Result "1/2-1/2"]
[BlackTitle "FM"]
[WhiteElo "2036"]
[BlackElo "2389"]
[WhiteTeam "Paul Keres"]
[BlackTeam "Zuid Limburg"]
[WhiteFideId "1026062"]
[BlackFideId "12977071"]
[EventDate "2023.09.16"]
[EventType "team"]

1. Nf3 Nf6 2. e3 g6 3. b4 Bg7 4. Bb2 c6 5. c4 a5 6. b5 cxb5 7. cxb5 d6 8. Na3
O-O 9. Be2 Nbd7 10. O-O Nb6 11. Nc4 Nxc4 12. Bxc4 a4 13. a3 e5 14. d3 Nd7 15.
Rb1 Nb6 16. Ba2 Be6 17. Bxe6 fxe6 18. e4 Qd7 19. Bc1 Ra5 20. Be3 Nc8 21. Bd2 Ra8
22. Qc2 Ne7 23. Rfc1 Rfc8 24. Qa2 h6 25. Rxc8+ Rxc8 26. Rb4 d5 27. Qb1 Rc5 28.
Qd1 g5 29. h3 Nc8 30. Qxa4 Nd6 31. b6 Qxa4 32. Rxa4 dxe4 33. Be3 Rc6 34. dxe4 1/2-1/2

[Event "Dutch League 2023-24"]
[Site "Netherlands NED"]
[Date "2023.11.04"]
[Round "3.10"]
[White "Buscher, Michael"]
[Black "Floor, Dirk"]
[Result "1-0"]
[WhiteTitle "FM"]
[BlackTitle "CM"]
[WhiteElo "2290"]
[BlackElo "2241"]
[WhiteTeam "Zuid Limburg"]
[BlackTeam "Paul Keres"]
[WhiteFideId "4617533"]
[BlackFideId "1004913"]
[EventDate "2023.09.16"]
[EventType "team"]

1. Nf3 Nf6 2. b3 g6 3. Bb2 d5 4. Bxf6 exf6 5. e3 Bd6 6. Be2 O-O 7. O-O Nd7 8. c4
dxc4 9. bxc4 f5 10. Nc3 c6 11. Rb1 Nf6 12. Qc2 Re8 13. g3 Ne4 14. Rfe1 Qf6 15.
Na4 h5 16. d3 Ng5 17. Nxg5 Qxg5 18. f4 Qf6 19. Bf3 h4 20. Qb2 Qxb2 21. Rxb2 hxg3
22. hxg3 Bf8 23. Kf2 Re7 24. Reb1 Rc7 25. c5 Rb8 26. d4 Be6 27. Nc3 Bc4 28. Rb4
Ba6 29. Ra4 Re8 30. Be2 Bxe2 31. Kxe2 Rce7 32. Nd1 Rd7 33. Kf3 a6 34. Rc4 f6 35.
Rc3 g5 36. Nb2 Rh7 37. fxg5 fxg5 38. Kg2 f4 39. Nc4 fxe3 40. Rxe3 Rxe3 41. Nxe3
Rd7 42. Nf5 g4 43. Rf1 Rf7 44. Rf4 Rf6 45. Rxg4+ Kf7 46. Rf4 Kg6 47. Nh4+ Kf7
48. Kf3 Ke6 49. Ke4 Rxf4+ 50. gxf4 Be7 51. Ng6 Bd8 52. Ne5 Bc7 53. Nc4 Bd8 54.
f5+ Kf6 55. Nd6 b6 56. cxb6 Bxb6 57. Nc4 1-0

[Event "Dutch League 2023-24"]
[Site "Netherlands NED"]
[Date "2023.11.04"]
[Round "3.1"]
[White "Vrolijk, Liam"]
[Black "Vandenbussche, Thibaut"]
[Result "1-0"]
[WhiteTitle "GM"]
[BlackTitle "IM"]
[WhiteElo "2556"]
[BlackElo "2428"]
[WhiteTeam "Kennemer Combinatie"]
[BlackTeam "Charlois Europoort"]
[WhiteFideId "1048333"]
[BlackFideId "204412"]
[EventDate "2023.09.16"]
[EventType "team"]

1. c4 e6 2. g3 d5 3. Bg2 c5 4. cxd5 exd5 5. Nf3 Nc6 6. O-O Nf6 7. d4 Be7 8. dxc5
Bxc5 9. a3 Ne4 10. Nfd2 Nxf2 11. Rxf2 Bxf2+ 12. Kxf2 O-O 13. Nf3 Re8 14. Qd3 Bg4
15. Be3 Qf6 16. Nd2 Bxf3 17. Nxf3 Re4 18. Bf4 Qxb2 19. Rd1 Rae8 20. Rd2 Qb6+ 21.
e3 h6 22. h4 Qc5 23. Nh2 g5 24. hxg5 hxg5 25. Bxe4 gxf4 26. Bh7+ Kg7 27. gxf4
Rh8 28. Qxd5 Qxd5 29. Rxd5 Rxh7 30. Ng4 Rh1 31. Rd7 Rb1 32. Kg3 Rb3 33. Kh4 Rxa3
34. Rxb7 Rd3 35. Rc7 Nb4 36. Rxa7 Nd5 37. Kg5 Nxe3 38. Ne5 Rd1 39. Rxf7+ Kg8 40.
Rb7 Rg1+ 41. Kh5 Rh1+ 42. Kg6 Rg1+ 43. Kf6 Nd5+ 44. Kf5 Rf1 45. Ng6 Rg1 46. Rd7
Ne3+ 47. Kf6 Ng4+ 48. Ke6 Re1+ 49. Ne5 Kf8 50. Rf7+ Kg8 51. Rf5 Nxe5 52. fxe5
Ra1 53. Kf6 Kf8 54. Rh5 Rf1+ 55. Ke6 Ra1 56. Rh8+ Kg7 57. Rd8 Ra6+ 58. Ke7 Ra7+
59. Rd7 Ra6 60. Ke8+ Kg8 61. Rd6 Ra8+ 62. Ke7 Kg7 63. Rd8 Ra7+ 64. Rd7 Ra6 65.
e6 Ra8 66. Rb7 Kg6 67. Rc7 Kg7 68. Rc2 Ra7+ 69. Kd6 Ra6+ 70. Kd7 Ra7+ 71. Rc7
Ra1 72. e7 Rd1+ 73. Ke8 Ra1 74. Kd8 Ra8+ 75. Rc8 1-0

[Event "Dutch League 2023-24"]
[Site "Netherlands NED"]
[Date "2023.11.04"]
[Round "3.2"]
[White "Kollen, Zyon"]
[Black "Schoppen, Casper"]
[Result "0-1"]
[WhiteTitle "FM"]
[BlackTitle "GM"]
[WhiteElo "2331"]
[BlackElo "2546"]
[WhiteTeam "Charlois Europoort"]
[BlackTeam "Kennemer Combinatie"]
[WhiteFideId "1024256"]
[BlackFideId "1046730"]
[EventDate "2023.09.16"]
[EventType "team"]

1. e4 e5 2. Nf3 Nc6 3. Bb5 a6 4. Bxc6 dxc6 5. O-O Qd6 6. d4 exd4 7. Qxd4 Qxd4 8.
Nxd4 Bd7 9. Nc3 O-O-O 10. Be3 Bb4 11. Nde2 Ne7 12. Rad1 Ng6 13. a3 Be7 14. f4
Rhe8 15. h3 f5 16. e5 Nf8 17. Nd4 c5 18. Nf3 Bc6 19. Kf2 Ne6 20. Rxd8+ Rxd8 21.
Rd1 Rxd1 22. Nxd1 Be4 23. c3 b5 24. g4 Kd7 25. Ke2 Kc6 26. Nf2 Bb1 27. Nd2 Bc2
28. Nd3 Bxd3+ 29. Kxd3 c4+ 30. Ke2 g6 31. Kf3 Kd5 32. Nf1 Ng7 33. Bf2 Ke6 34.
Ne3 Ne8 35. gxf5+ gxf5 36. a4 c6 37. Nc2 Ng7 38. Nd4+ Kd7 39. Nc2 bxa4 40. Ne3
a3 41. bxa3 Bxa3 42. Nxc4 Be7 43. Nb6+ Kc7 44. Na4 Ne6 45. c4 Bb4 46. Be3 a5 47.
Ke2 Kd7 48. Kd3 Ke8 49. Nc3 Kf7 50. Ne2 a4 51. Nc3 a3 52. Kc2 Bxc3 53. Kxc3 Kg6
54. Kb3 Kh5 55. Kxa3 Kh4 56. Kb4 Kxh3 57. Ka5 Kg3 58. Kb6 h5 59. Kxc6 h4 60. Kd6
h3 61. Kxe6 h2 62. Kf7 h1=Q 63. e6 Qe4 64. e7 Qxc4+ 65. Kf8 Qb4 66. Bc1 Kf3 67.
Kf7 Qc4+ 68. Kf8 Qxc1 69. e8=Q Qxf4 70. Qc6+ Qe4 71. Qc3+ Qe3 72. Qc6+ Kg4 73.
Qg2+ Qg3 74. Qe2+ Qf3 75. Qe6 Kg3 76. Qg6+ Qg4 77. Qe6 f4 78. Qe1+ Kg2 79. Qd2+
Kh3 80. Qe1 f3 81. Qh1+ Kg3 82. Qg1+ Kh4 83. Qh2+ Kg5 84. Ke8 Qh5+ 0-1

[Event "Dutch League 2023-24"]
[Site "Netherlands NED"]
[Date "2023.11.04"]
[Round "3.3"]
[White "Nijboer, Friso"]
[Black "Glek, Igor"]
[Result "1/2-1/2"]
[WhiteTitle "GM"]
[BlackTitle "GM"]
[WhiteElo "2473"]
[BlackElo "2409"]
[WhiteTeam "Kennemer Combinatie"]
[BlackTeam "Charlois Europoort"]
[WhiteFideId "1000063"]
[BlackFideId "4100484"]
[EventDate "2023.09.16"]
[EventType "team"]

1. e4 e6 2. d4 d5 3. Nc3 Nf6 4. e5 Nfd7 5. f4 c5 6. Nf3 Nc6 7. Be3 Be7 8. Qd2
O-O 9. dxc5 Bxc5 10. O-O-O Qb6 11. Nd4 Nxd4 12. Bxd4 Bxd4 13. Qxd4 Qxd4 14. Rxd4
Nc5 15. h4 a5 16. h5 Bd7 17. Rh3 Bc6 18. Re3 f6 19. Be2 Rae8 20. a3 a4 21. Bf3 1/2-1/2

[Event "Dutch League 2023-24"]
[Site "Netherlands NED"]
[Date "2023.11.04"]
[Round "3.4"]
[White "Garrido Dominguez, Jesus"]
[Black "Sochacki, Christophe"]
[Result "1/2-1/2"]
[WhiteTitle "IM"]
[BlackTitle "GM"]
[WhiteElo "2396"]
[BlackElo "2454"]
[WhiteTeam "Charlois Europoort"]
[BlackTeam "Kennemer Combinatie"]
[WhiteFideId "2254174"]
[BlackFideId "662569"]
[EventDate "2023.09.16"]
[EventType "team"]

1. e4 c5 2. Nf3 e6 3. Nc3 a6 4. Be2 Nc6 5. O-O Nf6 6. d4 cxd4 7. Nxd4 Qc7 8.
Nxc6 bxc6 9. f4 d5 10. Bf3 Bc5+ 11. Kh1 O-O 12. Qe1 a5 13. Qg3 Ba6 14. Rd1 Kh8
15. b3 Qa7 16. Bb2 Rad8 17. e5 Ng8 18. Ne2 Bf2 19. Qh3 Ne7 20. g4 Qc5 21. Nd4 a4
22. a3 Bxd4 23. Bxd4 Qxc2 24. Rac1 Qxb3 25. Rc3 Qa2 26. Bc5 Qb2 27. Re3 Rde8 28.
Qh4 Ng6 29. Qg3 Ne7 30. Qh4 Ng6 31. Qg3 f6 32. Bxf8 Rxf8 33. f5 exf5 34. gxf5
Nxe5 35. Rg1 Rf7 36. Bg2 h6 37. Ree1 Qc2 38. Bf1 Bc8 39. Rxe5 fxe5 40. Bd3 Qd2
41. Qxe5 Qxd3 42. Qe8+ Kh7 43. Qxf7 Qf3+ 1/2-1/2

[Event "Dutch League 2023-24"]
[Site "Netherlands NED"]
[Date "2023.11.04"]
[Round "3.5"]
[White "Godzwon, Iwo"]
[Black "Geirnaert, Steven"]
[Result "1/2-1/2"]
[WhiteTitle "FM"]
[BlackTitle "IM"]
[WhiteElo "2402"]
[BlackElo "2446"]
[WhiteTeam "Kennemer Combinatie"]
[BlackTeam "Charlois Europoort"]
[WhiteFideId "21802483"]
[BlackFideId "203866"]
[EventDate "2023.09.16"]
[EventType "team"]

1. e4 e5 2. Nf3 Nc6 3. Bb5 a6 4. Ba4 Nf6 5. O-O Nxe4 6. d4 b5 7. Bb3 d5 8. dxe5
Be6 9. Be3 Be7 10. Nbd2 Nc5 11. Bxc5 Bxc5 12. c3 O-O 13. Re1 Bb6 14. Nf1 d4 15.
Bxe6 fxe6 16. Qe2 Qd5 17. a4 Rad8 18. axb5 axb5 19. Rad1 Rf4 20. Rd3 Rdf8 21.
N1d2 h6 22. g3 R4f5 23. Qe4 Qxe4 24. Rxe4 dxc3 25. bxc3 Ra8 26. c4 bxc4 27. Nxc4
Bc5 28. Ncd2 Ra2 29. Rc3 Nxe5 30. Rxe5 Rxe5 31. Nxe5 Bd4 32. Rxc7 Rxd2 33. Ng4
h5 34. Ne3 Bxe3 35. fxe3 Re2 36. Rc3 Kf7 37. h4 Kf6 38. Kf1 Ra2 39. Rc4 Rh2 40.
Kg1 Ra2 41. Rc5 g6 42. Rc4 Re2 43. Re4 Rd2 44. Ra4 g5 1/2-1/2

[Event "Dutch League 2023-24"]
[Site "Netherlands NED"]
[Date "2023.11.04"]
[Round "3.6"]
[White "Praet, Maarten"]
[Black "Grieve, Harry"]
[Result "0-1"]
[BlackTitle "IM"]
[WhiteElo "2200"]
[BlackElo "2477"]
[WhiteTeam "Charlois Europoort"]
[BlackTeam "Kennemer Combinatie"]
[WhiteFideId "201294"]
[BlackFideId "426520"]
[EventDate "2023.09.16"]
[EventType "team"]

1. e4 c5 2. Nf3 e6 3. g3 Nc6 4. Bg2 Nf6 5. Qe2 e5 6. O-O Be7 7. Na3 O-O 8. c3
Re8 9. d3 h6 10. Nc2 Bf8 11. Nh4 d5 12. Bd2 Bg4 13. f3 Be6 14. Nf5 Kh7 15. Kh1
g6 16. Nfe3 d4 17. Nd1 c4 18. cxd4 exd4 19. Ne1 b5 20. f4 Rc8 21. Nf2 Bg7 22.
Rc1 Qd7 23. Bf3 a6 24. Ng2 Ng8 25. g4 c3 26. Be1 b4 27. b3 a5 28. f5 gxf5 29.
Nf4 fxg4 30. Nxg4 Ne5 31. Nxe6 fxe6 32. Bg3 Nxg4 33. Bxg4 Rf8 34. Rg1 Rc5 35.
Rg2 Be5 36. Bh4 Bf4 37. Rc2 Be3 38. Bh3 Qf7 39. Rg3 Ne7 40. Rxe3 dxe3 41. d4 Rh5
42. Bxe7 Rxh3 43. Bxf8 Rf3 44. Bd6 Rf1+ 45. Kg2 Rf2+ 46. Qxf2 exf2 47. Rxf2 Qg7+
48. Kf3 Qxd4 49. Bf4 Qd3+ 50. Be3 c2 51. Rg2 c1=Q 0-1

[Event "Dutch League 2023-24"]
[Site "Netherlands NED"]
[Date "2023.11.04"]
[Round "3.7"]
[White "Elgersma, Onno"]
[Black "De Wit, Michel"]
[Result "1-0"]
[WhiteTitle "FM"]
[BlackTitle "FM"]
[WhiteElo "2352"]
[BlackElo "2090"]
[WhiteTeam "Kennemer Combinatie"]
[BlackTeam "Charlois Europoort"]
[WhiteFideId "1053531"]
[BlackFideId "1002210"]
[EventDate "2023.09.16"]
[EventType "team"]

1. e4 e5 2. Nf3 Nc6 3. Bb5 a6 4. Ba4 Nge7 5. O-O g6 6. c3 Bg7 7. d4 exd4 8. cxd4
d5 9. exd5 Nxd5 10. Re1+ Be6 11. Bg5 Qd6 12. Nbd2 b5 13. Bb3 O-O 14. Ne4 Qd7 15.
Qd2 Kh8 16. Rac1 Bf5 17. Ne5 Nxe5 18. dxe5 Bxe4 19. Rxe4 c6 20. Rxc6 Qxc6 21.
Bxd5 Qd7 22. Bxa8 Qxd2 23. Bxd2 Rxa8 24. Bc3 Kg8 25. f4 Bf8 26. Kf2 Bc5+ 27. Kf3
Kf8 28. g4 Rd8 29. Ke2 Ke7 30. f5 Rd5 31. b3 Kf8 32. f6 Rd8 33. h3 Rc8 34. Bd2
Rc6 35. a4 Ke8 36. g5 Kf8 37. Kf3 Ba3 38. axb5 axb5 39. Bb4+ Bxb4 40. Rxb4 Rc5
41. Ke4 Ke8 42. Kd4 Rc1 43. Rxb5 Rd1+ 44. Ke4 Re1+ 45. Kf3 Rh1 46. Kg2 Re1 47.
Rb8+ Kd7 48. Rb7+ Ke8 49. Re7+ Kf8 50. b4 Rb1 51. Rb7 Ke8 52. b5 Re1 53. b6 Rb1
54. Re7+ 1-0

[Event "Dutch League 2023-24"]
[Site "Netherlands NED"]
[Date "2023.11.04"]
[Round "3.8"]
[White "Maerevoet, Sim"]
[Black "Pardo Simon, David"]
[Result "1/2-1/2"]
[WhiteTitle "IM"]
[BlackTitle "IM"]
[WhiteElo "2442"]
[BlackElo "2448"]
[WhiteTeam "Charlois Europoort"]
[BlackTeam "Kennemer Combinatie"]
[WhiteFideId "241725"]
[BlackFideId "2296276"]
[EventDate "2023.09.16"]
[EventType "team"]

1. e4 d6 2. d4 Nf6 3. Nc3 e5 4. Nf3 Nbd7 5. Bc4 Be7 6. O-O O-O 7. Re1 c6 8. a4
h6 9. Ba2 Re8 10. dxe5 dxe5 11. Nh4 Nc5 12. Qf3 Be6 13. Nf5 Bxa2 14. Rxa2 Kh7
15. Be3 Ng8 16. Rd1 Qc7 17. Nxe7 Qxe7 18. a5 Kh8 19. h3 Nf6 20. Raa1 b5 21. axb6
axb6 22. g4 b5 23. Rxa8 Rxa8 24. g5 hxg5 1/2-1/2

[Event "Dutch League 2023-24"]
[Site "Netherlands NED"]
[Date "2023.11.04"]
[Round "3.9"]
[White "Pham, Khoi"]
[Black "Lecomte, Robin"]
[Result "1-0"]
[WhiteTitle "FM"]
[WhiteElo "2396"]
[BlackElo "2233"]
[WhiteTeam "Kennemer Combinatie"]
[BlackTeam "Charlois Europoort"]
[WhiteFideId "1054988"]
[BlackFideId "1037170"]
[EventDate "2023.09.16"]
[EventType "team"]

1. e4 c5 2. Nf3 e6 3. d4 cxd4 4. Nxd4 Nc6 5. Nc3 Qc7 6. Be2 a6 7. Nxc6 bxc6 8.
Qd3 d5 9. Qg3 Qxg3 10. hxg3 Nf6 11. g4 Nxe4 12. Nxe4 dxe4 13. Be3 e5 14. O-O-O
Be7 15. g5 Be6 16. Rh5 f6 17. gxf6 gxf6 18. Rdh1 a5 19. Rxh7 Rxh7 20. Rxh7 Rc8
21. Bh5+ 1-0